| 000 | 01963cam a22005534i 4500 | ||
|---|---|---|---|
| 003 | PE-LiUPU | ||
| 005 | 20250731173039.0 | ||
| 008 | 161218s2010 xxu rb 000 0 eng d | ||
| 020 | _a9781606083222 | ||
| 035 | _a(Sirsi) a240541 | ||
| 040 |
_aPE-LiUPU _bspa _cPE-LiUPU _erda |
||
| 049 | _aPRUA | ||
| 082 | 0 | 0 |
_a230 _bM48 _220 |
| 100 | 1 |
_aMeyer, William J., _eautor. |
|
| 245 | 1 | 0 |
_aMetaphysics and the future of theology : _bthe voice of theology in public life / _cWilliam J. Meyer. |
| 264 | 1 |
_aEugene : _bPickwick, _c2010 |
|
| 300 |
_a609 páginas ; _c23 centímetros. |
||
| 336 |
_atext _2rdacontent |
||
| 337 |
_aunmediated _2rdamedia |
||
| 338 |
_avolume _2rdacarrier |
||
| 490 | 1 |
_aPrinceton theological monograph series ; _v 126 |
|
| 504 | _aBibliografía : páginas 597-609. | ||
| 505 | 0 | _aDefining the problem: diagnostic and prescriptive accounts -- Diagnosing the plight of theology in the modern world -- A typological analysis: a study of six theological approaches -- Defining the terms of analysis -- An accountable theology: the approach of James Gustafson. | |
| 526 | _aSEG42 | ||
| 526 | _aSEG41 | ||
| 526 | _aSEG40 | ||
| 526 | _aSEG39 | ||
| 526 | _aP94 | ||
| 526 | _aP87 | ||
| 526 | _aP86 | ||
| 526 | _aP85 | ||
| 526 | _aP77 | ||
| 526 | _aP76 | ||
| 526 | _aP35 | ||
| 650 | 0 | 4 | _aThéologie. |
| 650 | 0 | 4 | _aMétaphysique. |
| 650 | 0 | 4 | _aThéologie philosophique. |
| 650 | 0 | 4 | _aReligion et culture. |
| 650 | 0 | 4 | _aTeología. |
| 650 | 0 | 4 | _aMetafísico. |
| 650 | 0 | 4 | _aTeología filosófica. |
| 650 | 0 | 4 | _aReligión y cultura. |
| 910 |
_adbm _bksl _cksl _d20171218 |
||
| 942 |
_2ddc _cBOOK |
||
| 994 |
_aC0 _bPEPRU |
||
| 596 | _a1 | ||
| 999 |
_a230 M48 _wLC _c26211 _i77682 _d26211 _e2018-8-24 _f2021-11-9 _g4 _lCCODEBUL1 _mBUL _n2 _p9.62 _q1 _r0 _sY _tBOOK _u2017-12-18 _xTEOLOGIA _PP85 _0COMPRA _o.STAFF. Colección Teología |
||
| 980 |
_81 _gALBERTO SANCHEZ Responsable de Automatización |
||